[Event "X. Solinger Karnevalsopen"]
[Site "Solingen"]
[Date "2019.03.02"]
[Round "2.18"]
[White "Atali, Dogukan"]
[Black "Krüger, Till"]
[Result "1/2-1/2"]
[WhiteElo "1709"]
[BlackElo "1926"]
[PlyCount "76"]
[EventDate "2019.??.??"]
[WhiteTeam "SV Waltrop"]
[BlackTeam "SC Nidderau"]

1. e4 d6 2. d4 Nf6 3. Nc3 e5 4. dxe5 dxe5 5. Qxd8+ Kxd8 6. Bc4 Be6 7. Bxe6 fxe6
8. f3 a6 9. Be3 Bd6 10. Nh3 Ke7 11. Nf2 Nbd7 12. a4 Bb4 13. Nd3 Bxc3+ 14. bxc3
a5 15. Rb1 b6 16. Ke2 h6 17. c4 c5 18. Bd2 Ne8 19. Bc3 Nd6 20. Nxe5 Nxe5 21.
Bxe5 Nxc4 22. Bc7 Kd7 23. Bg3 Rhd8 24. Kd3 Nd6 25. Rxb6 Nc8 26. Rb2 Kc6+ 27.
Ke2 Nb6 28. Ra2 g6 29. c3 Nc4 30. Rd1 Rxd1 31. Kxd1 Rd8+ 32. Ke2 Rd7 33. Bf2
Rb7 34. Be3 h5 35. Bc1 Rb3 36. Kd3 Ne5+ 37. Kc2 c4 38. Bd2 Nd3 1/2-1/2

[Event "X. Solinger Karnevalsopen"]
[Site "Solingen"]
[Date "2019.03.02"]
[Round "2.19"]
[White "Schülke, Tilman"]
[Black "Reinacher, Detlev"]
[Result "1-0"]
[WhiteElo "1924"]
[BlackElo "1697"]
[PlyCount "71"]
[EventDate "2019.??.??"]
[WhiteTeam "Düsseldorfer SV"]
[BlackTeam "SC Hansa Dortmund"]

1. d4 d6 2. e4 g6 3. Nc3 Bg7 4. Bc4 Nf6 5. Bb3 c6 6. Bg5 O-O 7. f3 Nbd7 8. Qd2
b5 9. Nge2 a5 10. a4 b4 11. Nd1 Ba6 12. Ne3 Nb6 13. c4 c5 14. d5 Qd7 15. O-O h6
16. Bh4 g5 17. Bg3 Nh5 18. Qc2 Nxg3 19. hxg3 e6 20. Rad1 exd5 21. Nxd5 Nxd5 22.
Rxd5 Bb7 23. Rd2 Qe6 24. Ba2 f5 25. exf5 Rxf5 26. Rxd6 Qe3+ 27. Rf2 Be4 28.
Qxe4 Qxe4 29. fxe4 Rxf2 30. Kxf2 Bxb2 31. Bb3 Re8 32. Ke3 Bg7 33. Rd5 Re5 34.
Rd8+ Kf7 35. Ra8 Re8 36. Rxa5 1-0

[Event "X. Solinger Karnevalsopen"]
[Site "Solingen"]
[Date "2019.03.02"]
[Round "2.20"]
[White "Iov, Dmitrii"]
[Black "Hartjes, Jenny"]
[Result "1-0"]
[WhiteElo "1892"]
[BlackElo "1668"]
[PlyCount "73"]
[EventDate "2019.??.??"]
[WhiteTeam "Oberbilker SV"]
[BlackTeam "OSC Rheinhausen"]

1. d4 Nf6 2. c4 e6 3. Nf3 d5 4. Nc3 Be7 5. e3 O-O 6. Bd3 dxc4 7. Bxc4 a6 8. O-O
b5 9. Bd3 Bb7 10. Re1 Nbd7 11. e4 c5 12. e5 Nd5 13. Nxd5 Bxd5 14. Be3 c4 15.
Bc2 Nb6 16. Nd2 Rc8 17. Ne4 Nd7 18. Qh5 g6 19. Qh6 Bxe4 20. Bxe4 f5 21. exf6
Bxf6 22. Rad1 Nb6 23. Bxg6 Qe7 24. Be4 Rf7 25. Bf4 Qd7 26. Bxh7+ Rxh7 27. Qxf6
Re8 28. Be5 Ree7 29. Re4 Ref7 30. Rg4+ Kf8 31. Qg5 Ke8 32. Qg8+ Rf8 33. Qg6+
Kd8 34. Re1 Kc8 35. Bg7 Rxg7 36. Qxg7 Qd6 37. Rxe6 1-0

[Event "X. Solinger Karnevalsopen"]
[Site "Solingen"]
[Date "2019.03.02"]
[Round "2.21"]
[White "Karwatzki, Hans-Jürgen"]
[Black "Weinkauf, Viktor"]
[Result "0-1"]
[WhiteElo "1642"]
[BlackElo "1841"]
[PlyCount "78"]
[EventDate "2019.??.??"]
[WhiteTeam "SF Stadtverwaltung Bonn"]
[BlackTeam "Aachener SV"]

1. d4 d5 2. e3 Nf6 3. Nf3 c5 4. c3 Nbd7 5. Bd3 g6 6. Nbd2 Bg7 7. O-O O-O 8. e4
cxd4 9. cxd4 dxe4 10. Nxe4 Nxe4 11. Bxe4 Nf6 12. Bd3 Bg4 13. Be2 Qb6 14. Qd3
Rfd8 15. Be3 Nd5 16. Rfd1 Rac8 17. Rac1 a6 18. Rxc8 Rxc8 19. Qe4 Be6 20. Ng5
Nf6 21. Qb1 Bf5 22. Bd3 Bxd3 23. Rxd3 Nd5 24. Rb3 Qc6 25. Qd1 Bh6 26. h4 Nxe3
27. fxe3 Bxg5 28. hxg5 Qe4 29. Rd3 Qd5 30. Rc3 Rxc3 31. bxc3 Qxa2 32. d5 Qc4
33. Qd2 b5 34. d6 exd6 35. Qxd6 Qxc3 36. e4 b4 37. Qd8+ Kg7 38. Qe7 b3 39. e5
Qc6 0-1

[Event "X. Solinger Karnevalsopen"]
[Site "Solingen"]
[Date "2019.03.02"]
[Round "2.22"]
[White "Prang, Andreas"]
[Black "Illner, Jan"]
[Result "1/2-1/2"]
[WhiteElo "1821"]
[BlackElo "1636"]
[PlyCount "109"]
[EventDate "2019.??.??"]
[WhiteTeam "SV Unser Fritz"]
[BlackTeam "SG Bochum"]

1. c4 e6 2. g3 Nf6 3. Bg2 c6 4. Nf3 d5 5. b3 Nbd7 6. Bb2 Be7 7. O-O O-O 8. d3
a5 9. Nc3 Nc5 10. Re1 Nfd7 11. e4 dxe4 12. dxe4 e5 13. Qc2 Qc7 14. Rad1 Nb6 15.
Nb1 Bf6 16. Nbd2 Bg4 17. Nf1 Rfe8 18. Ne3 Bh5 19. g4 Bg6 20. Nf5 h6 21. h4 Bxf5
22. gxf5 Rad8 23. h5 Nbd7 24. Nh2 Bg5 25. Ng4 Bf4 26. Ba3 b6 27. Qe2 Nb7 28.
Bc1 Bxc1 29. Rxc1 Ndc5 30. f6 Nd3 31. fxg7 Kxg7 32. Qf3 Re6 33. Ne3 Rf6 34.
Nf5+ Rxf5 35. exf5 Nxc1 36. f6+ Kf8 37. Rxc1 Rd6 38. Re1 Qd8 39. Qe3 Rxf6 40.
Qxe5 Qd6 41. Qe8+ Kg7 42. Qe3 Nc5 43. Qh3 Ne6 44. Qg4+ Ng5 45. Rd1 Qe6 46. Qxe6
Rxe6 47. Kf1 Kf6 48. Rd7 c5 49. Rb7 Rd6 50. Bd5 Ne6 51. Ke1 Nd8 52. Rc7 Ne6 53.
Rb7 Nd8 54. Rc7 Ne6 55. Rb7 1/2-1/2

[Event "X. Solinger Karnevalsopen"]
[Site "Solingen"]
[Date "2019.03.02"]
[Round "2.23"]
[White "König, Linus"]
[Black "Meckel, Helmut"]
[Result "1-0"]
[WhiteElo "1629"]
[BlackElo "1819"]
[PlyCount "105"]
[EventDate "2019.??.??"]
[WhiteTeam "SF Schlebusch"]
[BlackTeam "SG Solingen"]

1. d4 e6 2. Nf3 f5 3. c4 Nf6 4. Nc3 Be7 5. g3 O-O 6. Bg2 d6 7. O-O Qe8 8. Qc2
Nc6 9. e4 Qh5 10. Re1 Ng4 11. h3 Nh6 12. Bxh6 gxh6 13. exf5 Qxf5 14. Qxf5 Rxf5
15. d5 Ne5 16. Nxe5 dxe5 17. g4 Rf4 18. b3 Bc5 19. Nd1 Bd4 20. Rc1 Rb8 21. Rc2
Bd7 22. Nb2 c5 23. dxc6 Bxc6 24. Nd3 Rf6 25. Bxc6 bxc6 26. Nxe5 Bxe5 27. Rxe5
Rd8 28. Rce2 Kf7 29. Ra5 Rd7 30. Ra6 h5 31. Rxc6 hxg4 32. hxg4 Rd4 33. Rc7+ Kg6
34. f3 Rxf3 35. Rxe6+ Kg5 36. Kg2 Rc3 37. Rg7+ Kf4 38. Rf6+ Ke5 39. Rf5+ Ke6
40. Rf3 Rc2+ 41. Rf2 Rxf2+ 42. Kxf2 Rd2+ 43. Kf3 Rxa2 44. Rxh7 a5 45. Rb7 a4
46. g5 Kf5 47. Rb5+ Kg6 48. bxa4 Rxa4 49. Rc5 Ra1 50. Re5 Ra4 51. c5 Rc4 52.
Ke3 Rc1 53. Kd4 1-0

[Event "X. Solinger Karnevalsopen"]
[Site "Solingen"]
[Date "2019.03.02"]
[Round "2.24"]
[White "Lux, Andreas"]
[Black "Albrecht, Philipp"]
[Result "1-0"]
[WhiteElo "1809"]
[BlackElo "1420"]
[PlyCount "93"]
[EventDate "2019.??.??"]
[WhiteTeam "SG Solingen"]
[BlackTeam "SF Brett vor'm Kopp Duisburg"]

1. d4 Nf6 2. Nf3 e6 3. g3 d5 4. Bg2 c5 5. O-O Nc6 6. b3 b6 7. Bb2 Bb7 8. Nbd2
Qc7 9. Rc1 cxd4 10. Nxd4 Nxd4 11. Bxd4 e5 12. Bb2 Bc5 13. Nf3 Nd7 14. e3 O-O
15. Bh3 f6 16. Be6+ Kh8 17. Bxd5 Bxd5 18. Qxd5 Rad8 19. c4 Nb8 20. Qe4 Nc6 21.
Rfd1 Rd6 22. a3 Rfd8 23. Rxd6 Bxd6 24. Qc2 Ne7 25. Rd1 Qb7 26. Qe2 Nc6 27. Nh4
Qf7 28. Nf5 Bc7 29. Rxd8+ Bxd8 30. Qd3 Bc7 31. Qd5 Qe8 32. b4 Ne7 33. Nxe7 Qxe7
34. e4 Bd6 35. Qa8+ Qf8 36. Qxa7 Qd8 37. Qb7 Bc7 38. Qd5 Qe8 39. Bc1 Qa4 40.
Be3 Qxa3 41. Qd7 Qa1+ 42. Kg2 Qa8 43. Qxc7 Qxe4+ 44. f3 Qa8 45. Bxb6 Qa2+ 46.
Bf2 Qa8 47. b5 1-0

[Event "X. Solinger Karnevalsopen"]
[Site "Solingen"]
[Date "2019.03.02"]
[Round "2.25"]
[White "Schmidt, Sebastian"]
[Black "Hapka, Luca"]
[Result "1-0"]
[WhiteElo "1805"]
[BlackElo "1233"]
[PlyCount "79"]
[EventDate "2019.??.??"]
[WhiteTeam "SV Waltrop"]
[BlackTeam "Fideler Bauer Leverkusen"]

1. e4 e5 2. Nf3 Nc6 3. Bc4 Nf6 4. Ng5 d5 5. exd5 Na5 6. Bb5+ Bd7 7. Qe2 b6 8.
d4 Bxb5 9. Qxb5+ Qd7 10. Qxd7+ Nxd7 11. dxe5 Nxe5 12. O-O h6 13. Re1 Bd6 14.
Nf3 f6 15. Nxe5 fxe5 16. f4 O-O-O 17. fxe5 Bc5+ 18. Kh1 Nb7 19. c4 g5 20. Bd2
g4 21. Nc3 h5 22. Rf1 g3 23. h3 h4 24. Nb5 Kb8 25. Rf7 Rhf8 26. Raf1 Rxf7 27.
Rxf7 Re8 28. e6 Nd8 29. Rf5 c6 30. Nc3 cxd5 31. cxd5 Nb7 32. Ne4 Bd4 33. Nf6
Rh8 34. e7 Nd6 35. Bf4 Kb7 36. Bxd6 Rc8 37. Bf4 Rc2 38. e8=Q Bf2 39. Qd7+ Ka6
40. Qa4+ 1-0

[Event "X. Solinger Karnevalsopen"]
[Site "Solingen"]
[Date "2019.03.02"]
[Round "2.26"]
[White "Fränzel, Dr. Marius"]
[Black "Tanz, Manfred"]
[Result "1-0"]
[WhiteElo "1781"]
[BlackElo "1610"]
[PlyCount "61"]
[EventDate "2019.??.??"]
[WhiteTeam "SG Solingen"]

1. e4 c5 2. c3 Nc6 3. Nf3 d6 4. d4 cxd4 5. cxd4 Bd7 6. Nc3 Rc8 7. Be3 a6 8. Be2
Nf6 9. O-O g6 10. Qd2 Bg7 11. h3 e5 12. dxe5 dxe5 13. Qd6 Qe7 14. Bc5 O-O 15.
Qxe7 Nxe7 16. Bxe7 Rfe8 17. Bxf6 Bxf6 18. Nd5 Bd8 19. Rfd1 Bc6 20. Bc4 Kg7 21.
Bb3 Ba5 22. Rac1 h6 23. Nc3 Bxc3 24. Rxc3 Kf6 25. Bd5 Bxd5 26. Rxc8 Rxc8 27.
Rxd5 Re8 28. Rd7 b5 29. Kf1 h5 30. h4 Re6 31. Ng5 1-0

[Event "X. Solinger Karnevalsopen"]
[Site "Solingen"]
[Date "2019.03.02"]
[Round "2.27"]
[White "Runte, Dirk"]
[Black "Mukovskiy, Peter"]
[Result "1-0"]
[WhiteElo "1740"]
[BlackElo "1545"]
[PlyCount "107"]
[EventDate "2019.??.??"]
[WhiteTeam "Fideler Bauer Leverkusen"]
[BlackTeam "Düsseldorfer SK"]

1. d4 Nf6 2. c4 e6 3. g3 d5 4. Bg2 Nc6 5. Nf3 Be7 6. O-O O-O 7. b3 b6 8. Bb2
Bb7 9. Nc3 Rb8 10. e3 Na5 11. cxd5 exd5 12. Rc1 Ba6 13. Re1 Nb7 14. Ne5 Na5 15.
a3 c5 16. dxc5 bxc5 17. Nxd5 Nxd5 18. Bxd5 Qd6 19. Nc4 Nxc4 20. Qg4 Qg6 21.
Qxg6 hxg6 22. Bxc4 Bxc4 23. Rxc4 Rxb3 24. Re4 Bd6 25. Rd1 Bxg3 26. hxg3 Rxb2
27. Rd7 a5 28. Rc7 Rb5 29. Rc4 Rb3 30. R4xc5 Ra8 31. Rd5 Rxa3 32. Rdd7 Rf8 33.
Ra7 a4 34. Kg2 Ra2 35. Re7 a3 36. e4 Ra1 37. e5 Re1 38. Rxa3 Kh7 39. Raa7 Kg8
40. f3 Rb8 41. Rxf7 Rb2+ 42. Kh3 Rh1+ 43. Kg4 Rb4+ 44. Rf4 Rxf4+ 45. Kxf4 Re1
46. Ra4 g5+ 47. Kf5 Re3 48. f4 Rxg3 49. fxg5 Rf3+ 50. Kg6 Rf8 51. Ra7 Kh8 52.
e6 Re8 53. e7 Kg8 54. Rd7 1-0

[Event "X. Solinger Karnevalsopen"]
[Site "Solingen"]
[Date "2019.03.02"]
[Round "2.28"]
[White "Schütz, Samson"]
[Black "Bolz, Jannis"]
[Result "1-0"]
[WhiteElo "1709"]
[BlackElo "1461"]
[PlyCount "47"]
[EventDate "2019.??.??"]
[WhiteTeam "Fideler Bauer Leverkusen"]
[BlackTeam "DJK Aufwärts Aachen"]

1. d4 Nf6 2. c4 g6 3. Nc3 d5 4. cxd5 Nxd5 5. e4 Nxc3 6. bxc3 Bg7 7. Bc4 c5 8.
Be3 Nc6 9. Ne2 O-O 10. O-O Qa5 11. Qc2 e6 12. Rab1 cxd4 13. cxd4 Rd8 14. d5
exd5 15. Bxd5 Qc7 16. Nd4 Bxd4 17. Bxd4 Qd6 18. Ba1 Kf8 19. Qc3 Ke7 20. Rbd1 f6
21. Bxc6 Qxc6 22. Qxc6 bxc6 23. Bxf6+ Kxf6 24. Rxd8 1-0

[Event "X. Solinger Karnevalsopen"]
[Site "Solingen"]
[Date "2019.03.02"]
[Round "2.29"]
[White "Bießner, Eberhard"]
[Black "Soechting, Marc"]
[Result "1-0"]
[WhiteElo "1720"]
[BlackElo "1484"]
[PlyCount "47"]
[EventDate "2019.??.??"]
[WhiteTeam "Rheydter SV"]
[BlackTeam "SF Anna Wuppertal"]

1. e4 d6 2. d4 Nf6 3. Bd3 Nbd7 4. Ne2 e5 5. c3 Be7 6. O-O c6 7. f4 exd4 8. cxd4
Qc7 9. Nbc3 b5 10. e5 dxe5 11. fxe5 Ng8 12. Bf4 Qb6 13. a3 a5 14. Be4 Bb7 15.
Kh1 Rd8 16. Qc2 h6 17. Rad1 c5 18. d5 g5 19. Bg3 Nf8 20. d6 Bxe4 21. Qxe4 b4
22. Nd5 Qb8 23. dxe7 Rxd5 24. Qxd5 1-0

[Event "X. Solinger Karnevalsopen"]
[Site "Solingen"]
[Date "2019.03.02"]
[Round "2.30"]
[White "Ringeltaube, Denny"]
[Black "Bochynek, Josua Peter"]
[Result "1-0"]
[WhiteElo "1680"]
[BlackElo "1644"]
[PlyCount "53"]
[EventDate "2019.??.??"]
[WhiteTeam "Klub Kölner SF"]
[BlackTeam "SV Unna"]

1. e4 e6 2. d4 d5 3. e5 c5 4. c3 Nc6 5. Nf3 Qb6 6. Bd3 Nh6 7. O-O cxd4 8. cxd4
Nf5 9. Bxf5 exf5 10. Nc3 Be6 11. Na4 Qd8 12. Bg5 Be7 13. Bxe7 Qxe7 14. Rc1 g5
15. Rc5 g4 16. Ne1 h5 17. Nc3 f4 18. Nxd5 Bxd5 19. Rxd5 Rg8 20. Nd3 f3 21. Nc5
Qh4 22. Ne4 Ne7 23. Nf6+ Kf8 24. Rd7 Ng6 25. Qb3 Nh8 26. Qb4+ Kg7 27. Qe7 1-0

[Event "X. Solinger Karnevalsopen"]
[Site "Solingen"]
[Date "2019.03.02"]
[Round "2.32"]
[White "Petrovic, Julijan"]
[Black "Neu, Martin"]
[Result "0-1"]
[WhiteElo "1505"]
[BlackElo "1233"]
[PlyCount "80"]
[EventDate "2019.??.??"]
[WhiteTeam "Fideler Bauer Leverkusen"]
[BlackTeam "SG Niederkassel"]

1. d4 d5 2. c4 e6 3. Nc3 Nf6 4. Bg5 Nbd7 5. cxd5 exd5 6. Nf3 Be7 7. e3 Nb6 8.
Be2 O-O 9. O-O Ne4 10. Bxe7 Qxe7 11. h3 f5 12. Qc2 Qf6 13. Nd2 Qg5 14. Nf3 Qh6
15. Ne5 c6 16. Nxe4 fxe4 17. Bg4 Bf5 18. Qe2 Rad8 19. f4 Nd7 20. Bxf5 Rxf5 21.
g4 Rxe5 22. dxe5 Qxh3 23. Rf2 Nc5 24. Rh2 Qg3+ 25. Rg2 Qh3 26. Rh2 Qg3+ 27. Kh1
Nd3 28. Rg1 Qf3+ 29. Qxf3 exf3 30. Rf1 f2 31. b3 b5 32. Rd1 c5 33. Kg2 c4 34.
bxc4 dxc4 35. Rxd3 Rxd3 36. Kxf2 Rd2+ 37. Kg3 Rxh2 38. Kxh2 c3 39. e6 c2 40. e7
Kf7 0-1

[Event "X. Solinger Karnevalsopen"]
[Site "Solingen"]
[Date "2019.03.02"]
[Round "2.33"]
[White "Jorke, Roland"]
[Black "Marcziter, Alex"]
[Result "1-0"]
[WhiteElo "1422"]
[BlackElo "1213"]
[PlyCount "69"]
[EventDate "2019.??.??"]
[WhiteTeam "Ohligser Turnverein"]
[BlackTeam "SG Porz"]

{[%evp 0,80,24,24,24,-7,-21,-7,-6,-40,11,0,8,8,51,46,50,24,28,13,20,17,17,-5,
49,21,52,21,52,41,49,46,46,37,3,-12,34,9,0,-1,27,17,21,17,72,81,81,81,81,74,74,
81,74,81,74,66,154,131,153,148,146,103,104,65,90,0,87,76,79,58,62,-176,-191,
-778,-765,-1008,-988,-1055,-1076,-1116,-1116,-1292,-1267]} 1. Nf3 d5 2. d4 Nf6
3. g3 Bf5 4. Bg2 e6 5. O-O Bd6 6. b3 O-O 7. Bb2 Nc6 8. Nbd2 h6 9. c4 Re8 10.
Ne5 Bxe5 11. dxe5 Nh7 12. e4 dxe4 13. Nxe4 Qe7 14. Qc1 Red8 15. Ba3 Qe8 16. Bb2
Nb4 17. Qc3 Na6 18. Rfd1 Rd7 19. Rxd7 Qxd7 20. Qd2 Qxd2 21. Nxd2 Rd8 22. Bc3 c6
23. Ne4 Rd3 24. Rc1 Ng5 25. Nd6 Bh3 26. Nxb7 Bxg2 27. Kxg2 Ne4 28. Ba5 c5 29.
Rc2 Nb8 30. f3 Ng5 31. Rd2 Rxd2+ 32. Bxd2 Nc6 33. Bc3 Nd4 34. Nxc5 Ndxf3 35. h4
1-0

[Event "X. Solinger Karnevalsopen"]
[Site "Solingen"]
[Date "2019.03.02"]
[Round "2.34"]
[White "Stracke, André"]
[Black "Krol, Julian"]
[Result "1-0"]
[WhiteElo "1394"]
[BlackElo "832"]
[PlyCount "49"]
[EventDate "2019.??.??"]
[WhiteTeam "SF Lennep"]
[BlackTeam "SF Schlebusch"]

1. e4 e5 2. Nf3 Nc6 3. Bc4 Bc5 4. b4 Bxb4 5. c3 Bc5 6. d4 exd4 7. O-O dxc3 8.
Nxc3 h6 9. Bb2 d6 10. Re1 Be6 11. Nd5 Nf6 12. e5 dxe5 13. Nxe5 Kf8 14. Ng6+
fxg6 15. Rxe6 Nxd5 16. Qf3+ Nf6 17. Rd1 Qc8 18. Bxf6 Kf7 19. Re7+ Kf8 20. Rf7+
Kg8 21. Rxg7+ Kf8 22. Rf7+ Kg8 23. Rxc7+ Kf8 24. Rxc8+ Rxc8 25. Bxh8+ 1-0

[Event "X. Solinger Karnevalsopen"]
[Site "Solingen"]
[Date "2019.03.02"]
[Round "2.35"]
[White "Scheidtmann, Kian"]
[Black "Tonev, Vasil"]
[Result "0-1"]
[WhiteElo "1106"]
[BlackElo "1727"]
[PlyCount "36"]
[EventDate "2019.??.??"]
[WhiteTeam "SG Solingen"]
[BlackTeam "SV Horrem"]

1. e4 c5 2. Nf3 e6 3. d4 cxd4 4. Nxd4 Nf6 5. Nc3 a6 6. Be3 Qc7 7. g3 Bb4 8. Qd3
Ng4 9. Bg2 Ne5 10. Qd2 Nc4 11. Qc1 Nxb2 12. Nde2 Na4 13. a3 Bxc3+ 14. Nxc3 Nxc3
15. Bf4 e5 16. Bd2 Qc4 17. Bf3 Nc6 18. Bxc3 Qxc3+ 0-1

[Event "X. Solinger Karnevalsopen"]
[Site "Solingen"]
[Date "2019.03.02"]
[Round "3.1"]
[White "Borchert, Stephan"]
[Black "Braun, Christian"]
[Result "0-1"]
[WhiteElo "1983"]
[BlackElo "2392"]
[PlyCount "54"]
[EventDate "2019.??.??"]
[WhiteTeam "SG Solingen"]
[BlackTeam "DJK Aufwärts Aachen"]

1. e4 e6 2. d4 d5 3. Nc3 Nf6 4. Bg5 Be7 5. e5 Nfd7 6. h4 c5 7. Nb5 f6 8. exf6
Nxf6 9. Nf3 O-O 10. Bd3 a6 11. Nc3 Nc6 12. dxc5 Bxc5 13. Qd2 h6 14. Bxf6 Qxf6
15. a3 Nd4 16. Nxd4 Bxd4 17. Nd1 Bxb2 18. Nxb2 Qxb2 19. O-O Qf6 20. g3 Bd7 21.
f4 Bb5 22. Rfe1 Bxd3 23. Qxd3 Rac8 24. Re5 Rc6 25. Rae1 Rfc8 26. Rxe6 Rxe6 27.
Qxd5 Rcc6 0-1

[Event "X. Solinger Karnevalsopen"]
[Site "Solingen"]
[Date "2019.03.02"]
[Round "3.2"]
[White "Bruil, Rembrandt"]
[Black "Prieb, Robert"]
[Result "1/2-1/2"]
[WhiteElo "2200"]
[BlackElo "1793"]
[PlyCount "39"]
[EventDate "2019.??.??"]
[WhiteTeam "SK Turm Kleve"]
[BlackTeam "SG Bochum"]

1. d4 Nf6 2. Nf3 g6 3. g3 Bg7 4. Bg2 O-O 5. O-O d5 6. c4 c6 7. b3 b6 8. Bb2 Bb7
9. Nc3 e6 10. Qc2 Nbd7 11. Rfd1 Rc8 12. Rac1 Qe7 13. e3 Rfd8 14. Qe2 c5 15.
cxd5 Nxd5 16. e4 Nxc3 17. Bxc3 cxd4 18. Nxd4 Nf6 19. Bb2 Rxc1 20. Rxc1 1/2-1/2

[Event "X. Solinger Karnevalsopen"]
[Site "Solingen"]
[Date "2019.03.02"]
[Round "3.3"]
[White "Breuer, Leon"]
[Black "Walter, Andreas"]
[Result "0-1"]
[WhiteElo "1715"]
[BlackElo "2127"]
[PlyCount "44"]
[EventDate "2019.??.??"]
[WhiteTeam "SC Listiger Bauer Essen"]
[BlackTeam "SV Mülheim-Nord"]

1. e4 c5 2. Nf3 e6 3. d4 cxd4 4. Nxd4 Nf6 5. f3 d5 6. e5 Nfd7 7. f4 Bc5 8. c3
O-O 9. Bd3 Nc6 10. Be3 Qb6 11. b3 f5 12. Bc2 Nxd4 13. Bxd4 Nb8 14. O-O Nc6 15.
Bxc5 Qxc5+ 16. Kh1 b6 17. Nd2 Bb7 18. c4 Rfd8 19. Qe1 Nb4 20. Bd1 Qd4 21. Rc1
Nd3 22. Nf3 Qxf4 0-1

[Event "X. Solinger Karnevalsopen"]
[Site "Solingen"]
[Date "2019.03.02"]
[Round "3.4"]
[White "Eckert, Marius"]
[Black "König, Linus"]
[Result "1-0"]
[WhiteElo "1994"]
[BlackElo "1629"]
[PlyCount "99"]
[EventDate "2019.??.??"]
[WhiteTeam "SV Waltrop"]
[BlackTeam "SF Schlebusch"]

1. d4 Nf6 2. Bf4 d5 3. e3 c5 4. c3 Nc6 5. Nd2 Bf5 6. Qb3 Qc8 7. a4 e6 8. h3 Be7
9. Ngf3 h6 10. Be2 O-O 11. O-O Ne4 12. Nxe4 Bxe4 13. a5 c4 14. Qa4 Bd8 15. a6
Bc7 16. Bxc7 Qxc7 17. Nd2 Bg6 18. b3 cxb3 19. Nxb3 Bc2 20. Rfc1 Bxb3 21. Qxb3
b6 22. Qc2 Na5 23. Ra2 Rac8 24. e4 dxe4 25. Qxe4 Qc6 26. Qc2 Rc7 27. c4 Rfc8
28. c5 Qd5 29. Qb2 Rd8 30. Rd1 Qb3 31. cxb6 Qxb6 32. Qxb6 axb6 33. Rb1 Nc6 34.
Rxb6 Nxd4 35. Bd3 Nc6 36. Rxc6 Rxc6 37. a7 Rcc8 38. Be4 Ra8 39. Bxa8 Rxa8 40.
Kf1 Kf8 41. Ke2 Ke7 42. Kd3 Kd6 43. Kd4 f6 44. Ra3 Kc7 45. Ra6 Rd8+ 46. Kc5 Kb7
47. a8=Q+ Rxa8 48. Rxa8 Kxa8 49. Kd6 e5 50. Ke6 1-0

[Event "X. Solinger Karnevalsopen"]
[Site "Solingen"]
[Date "2019.03.02"]
[Round "3.5"]
[White "Jacobs, Florian"]
[Black "Schmidt, Sebastian"]
[Result "1-0"]
[WhiteElo "2213"]
[BlackElo "1805"]
[PlyCount "87"]
[EventDate "2019.??.??"]
[BlackTeam "SV Waltrop"]

1. d4 Nf6 2. c4 e6 3. Nc3 Bb4 4. Qc2 O-O 5. a3 Bxc3+ 6. Qxc3 d5 7. Nf3 Nbd7 8.
Bg5 Re8 9. e3 b6 10. cxd5 exd5 11. Bb5 a6 12. Bc6 Rb8 13. Rc1 h6 14. Bxf6 Qxf6
15. Bxd5 c5 16. O-O Bb7 17. Bxb7 Rxb7 18. b4 cxd4 19. exd4 b5 20. Rfe1 Rbb8 21.
Qc7 Nb6 22. h3 Nc4 23. Rxe8+ Rxe8 24. a4 Re2 25. axb5 Nd2 26. Qc8+ Kh7 27. Qc2+
g6 28. Qd3 Nxf3+ 29. Qxf3 Qxf3 30. gxf3 axb5 31. Rc5 Rd2 32. d5 Rd4 33. Rxb5
Kg7 34. Kf1 Kf6 35. Ke2 Ke5 36. Ke3 Rc4 37. f4+ Kd6 38. f3 Rc3+ 39. Kd4 Rxf3
40. Rb6+ Kd7 41. Rb7+ Kd6 42. Rxf7 g5 43. Rf6+ Ke7 44. fxg5 1-0

[Event "X. Solinger Karnevalsopen"]
[Site "Solingen"]
[Date "2019.03.02"]
[Round "3.6"]
[White "Fränzel, Dr. Marius"]
[Black "Schröder, Jörg"]
[Result "1-0"]
[WhiteElo "1781"]
[BlackElo "2007"]
[PlyCount "47"]
[EventDate "2019.??.??"]
[WhiteTeam "SG Solingen"]
[BlackTeam "Oberhausener SV"]

1. e4 e5 2. Nf3 Nf6 3. Nxe5 d6 4. Nf3 Nxe4 5. Nc3 Nxc3 6. dxc3 Be7 7. Be3 O-O
8. Qd2 Nc6 9. O-O-O Bf5 10. h4 Re8 11. Ng5 Bf6 12. Be2 h6 13. g4 Bd7 14. Nxf7
Kxf7 15. g5 Be6 16. Rdg1 Rf8 17. gxf6 gxf6 18. Bh5+ Ke7 19. Rg7+ Bf7 20. Bxh6
Ke8 21. Qe2+ Ne7 22. Bxf7+ Rxf7 23. Qh5 Ng6 24. Re1+ 1-0

[Event "X. Solinger Karnevalsopen"]
[Site "Solingen"]
[Date "2019.03.02"]
[Round "3.7"]
[White "Ipekyilmaz, Tayfun"]
[Black "Tremöhlen, Thomas"]
[Result "1-0"]
[WhiteElo "1754"]
[BlackElo "1980"]
[PlyCount "93"]
[EventDate "2019.??.??"]
[WhiteTeam "Langenfelder SF"]
[BlackTeam "SG Kaarst"]

1. e4 c5 2. Nf3 Nc6 3. d4 cxd4 4. c3 d5 5. exd5 Qxd5 6. Nxd4 Nf6 7. Nxc6 Qxc6
8. Qd4 Bg4 9. Na3 a6 10. Be3 Rd8 11. Qc5 Qe4 12. f3 Bxf3 13. gxf3 Qxf3 14. Rg1
e6 15. Qg5 Be7 16. Bg2 Qf5 17. Qxf5 exf5 18. Bxb7 Ng4 19. Bc6+ Kf8 20. Bf4 g5
21. h3 gxf4 22. hxg4 Rd6 23. Bf3 Rg8 24. Nc4 Rdg6 25. g5 h6 26. Bh5 Re6+ 27.
Kf1 hxg5 28. Re1 Rh6 29. Bf3 g4 30. Bd5 Bc5 31. Ne5 Bxg1 32. Nxf7 Rf6 33. Ne5
Rd6 34. Bxg8 Kxg8 35. Kxg1 Rd2 36. Nc4 Rc2 37. Rd1 Re2 38. Rd2 Re4 39. Rd4 Re1+
40. Kf2 Ra1 41. Rxf4 Rxa2 42. Rxf5 Ra4 43. Rg5+ Kf7 44. Rxg4 Ke6 45. Rd4 Ra1
46. Ke2 Ke7 47. Kd2 1-0

[Event "X. Solinger Karnevalsopen"]
[Site "Solingen"]
[Date "2019.03.02"]
[Round "3.8"]
[White "Runte, Dirk"]
[Black "Fuß, Jean-Pierre"]
[Result "0-1"]
[WhiteElo "1740"]
[BlackElo "1965"]
[PlyCount "60"]
[EventDate "2019.??.??"]
[WhiteTeam "Fideler Bauer Leverkusen"]
[BlackTeam "SV Turm Sankt Augustin"]

1. e4 c5 2. Nf3 Nc6 3. d4 cxd4 4. Nxd4 Nf6 5. Nc3 e6 6. Nxc6 bxc6 7. Bd3 Bb4 8.
Bd2 d5 9. exd5 cxd5 10. a3 Be7 11. O-O O-O 12. Bf4 Bd6 13. Bxd6 Qxd6 14. b4 e5
15. Nb5 Qc6 16. a4 Bb7 17. Re1 Rfe8 18. Na3 d4 19. Bf1 Re6 20. b5 Qc5 21. Nc4
Nd7 22. Na5 Bd5 23. Nb3 Qd6 24. Nd2 Rc8 25. Ne4 Qc7 26. c4 Bb7 27. Rc1 Nc5 28.
Nxc5 Qxc5 29. a5 e4 30. Rb1 Qe5 0-1

[Event "X. Solinger Karnevalsopen"]
[Site "Solingen"]
[Date "2019.03.02"]
[Round "3.9"]
[White "Struck, Lasse"]
[Black "Höfer, Severin Paul"]
[Result "0-1"]
[WhiteElo "1718"]
[BlackElo "1938"]
[PlyCount "26"]
[EventDate "2019.??.??"]
[WhiteTeam "SF Essen-Katernberg"]
[BlackTeam "SF Stadtverwaltung Bonn"]

1. e4 e5 2. Nf3 Nc6 3. d4 exd4 4. Bc4 Nf6 5. e5 d5 6. Bb5 Ne4 7. Nxd4 Bc5 8.
Be3 O-O 9. O-O Nxe5 10. f3 Nd6 11. Qe2 Nxb5 12. Qxb5 Bb6 13. Nc3 c5 0-1

[Event "X. Solinger Karnevalsopen"]
[Site "Solingen"]
[Date "2019.03.02"]
[Round "3.10"]
[White "Müller, Adrian"]
[Black "Atali, Dogukan"]
[Result "1/2-1/2"]
[WhiteElo "1919"]
[BlackElo "1709"]
[PlyCount "63"]
[EventDate "2019.??.??"]
[WhiteTeam "Fideler Bauer Leverkusen"]
[BlackTeam "SV Waltrop"]

1. e4 e6 2. d4 d5 3. Nc3 dxe4 4. Nxe4 Nd7 5. Nf3 Ngf6 6. Bd3 Nxe4 7. Bxe4 Nf6
8. Bd3 Be7 9. O-O O-O 10. Qe2 b6 11. Bg5 Bb7 12. Rfd1 h6 13. Bh4 Nh5 14. Bg3
Nxg3 15. hxg3 Bf6 16. Rac1 Qe7 17. Ne5 Bxe5 18. Qxe5 c5 19. dxc5 Qxc5 20. Qxc5
bxc5 21. Rd2 Rfd8 22. Rcd1 Kf8 23. Bb5 Rxd2 24. Rxd2 a6 25. Ba4 Bd5 26. b3 c4
27. f3 Ra7 28. Rd4 Rc7 29. Kf1 cxb3 30. Bxb3 Bxb3 31. cxb3 Ke7 32. Ra4 1/2-1/2